[Event "División de Honor Aragonesa 2019 - Encuentros por tableros Global"]
[Site ""]
[Date "2019.03.23"]
[Round "9.30"]
[White "Garcia Vicente, Nieves"]
[Black "Roche Simon, Manuel Angel"]
[Result "1-0"]
[WhiteElo "2189"]
[BlackElo "2129"]
[PlyCount "0"]
[WhiteTeam "Enroque"]
[BlackTeam "Delicias"]
[EventDate "2019.01.26"]

1. d4 Nf6 2. c4 c5 3. d5 e6 4. Nc3 exd5 5. cxd5 d6 6. e4 g6 7. Bd3 Bg7 8. Nge2
O-O 9. O-O Re8 10. Ng3 a6 11. a4 h5 12. Bg5 Nbd7 13. Re1 Qc7 14. h3 Rb8 15. b3
Nh7 16. Bd2 Ne5 17. Be2 c4 18. b4 Nd3 19. Bxd3 cxd3 20. Qb3 b5 21. Rac1 Qc4 22.
Qa3 bxa4 23. Nxa4 Qb5 24. Nb2 Bxb2 25. Qxb2 a5 26. Qd4 axb4 27. Rc6 Rd8 28. Rc4
Ba6 29. Rxb4 Qc5 30. Qb2 Rxb4 31. Qxb4 Qxb4 32. Bxb4 f6 33. Nf1 Ng5 34. f3 Nf7
35. Ra1 Bb5 36. Ra5 Rb8 37. Nd2 Rb7 38. Kf2 Kf8 39. Ke3 Ke7 40. f4 g5 41. fxg5
fxg5 42. Bc3 g4 43. hxg4 hxg4 44. Bd4 g3 45. Ra7 Rxa7 46. Bxa7 Ne5 47. Kf4 Nc4
48. Nxc4 Bxc4 49. Be3 Kf6 50. Bd4+ Kg6 51. Bc3 Bb3 52. Kxg3 Kg5 53. Bd4 1-0

[Event "División de Honor Aragonesa 2019 - Encuentros por tableros Global"]
[Site ""]
[Date "2019.03.23"]
[Round "9.31"]
[White "Neila Castillo, Miguel Angel"]
[Black "Escuer Sanchez, Nestor"]
[Result "1-0"]
[WhiteElo "2116"]
[BlackElo "2070"]
[PlyCount "0"]
[WhiteTeam "Delicias"]
[BlackTeam "Enroque"]
[EventDate "2019.01.26"]

1. Nf3 e6 2. c4 f5 3. d4 Nf6 4. d5 Bb4+ 5. Bd2 Bxd2+ 6. Qxd2 O-O 7. Nc3 d6 8.
dxe6 Bxe6 9. e3 Nc6 10. Nd4 Nxd4 11. exd4 d5 12. cxd5 Bxd5 13. O-O-O Ne4 14.
Qc2 c6 15. f3 Nxc3 16. bxc3 Qa5 17. Kb1 Rae8 18. Bd3 Re3 19. Rhe1 Rfe8 20. Rxe3
Rxe3 21. c4 Be6 22. Ka1 Re1 23. Rxe1 Qxe1+ 24. Kb2 g6 25. a3 Qg1 26. Kc3 Qxh2
27. Qa4 Qb8 28. Qb4 Qc7 29. f4 b6 30. g3 c5 31. dxc5 bxc5 32. Qa4 Kg7 33. Qe8
Qd6 34. Kc2 Bd7 35. Qa8 Ba4+ 36. Kd2 Qb6 37. Ke3 Qe6+ 38. Kd2 Qe7 39. Qd5 Be8
40. Qa8 h5 41. Qd5 Bf7 42. Qc6 h4 43. gxh4 Qxh4 44. Qc7 Qf2+ 45. Kc3 Qd4+ 46.
Kc2 a6 47. a4 Qa1 48. a5 Qa2+ 49. Kc3 Qa1+ 50. Kc2 Qd4 51. Kd2 Qb2+ 52. Ke3
Qd4+ 53. Ke2 Qb2+ 54. Ke3 Qd4+ 55. Ke2 Kf6 56. Qc6+ Be6 57. Qxa6 Qxf4 58. Qb6
Qe5+ 59. Kd2 f4 60. Qd8+ Kf7 61. a6 Qb2+ 62. Bc2 Qb4+ 63. Kd1 f3 64. Qc7+ Kg8
65. a7 Bd5 1-0

[Event "División de Honor Aragonesa 2019 - Encuentros por tableros Global"]
[Site ""]
[Date "2019.03.23"]
[Round "9.32"]
[White "Campo Pelegrin, Ramon"]
[Black "Llanes Luno, Pedro Alfredo"]
[Result "0-1"]
[WhiteElo "1795"]
[BlackElo "2011"]
[PlyCount "0"]
[WhiteTeam "Enroque"]
[BlackTeam "Delicias"]
[EventDate "2019.01.26"]


1. e4 c5 2. Nc3 d6 3. f4 Nc6 4. Nf3 g6 5. Bc4 Bg7 6. O-O e6 7. d3 Nge7 8. Qe1
h6 9. a3 a6 10. Ne2 b5 11. Ba2 b4 12. axb4 Nxb4 13. Bb3 O-O 14. Qd1 Qb6 15. Kh1
Bb7 16. c3 Nbc6 17. Bc2 d5 18. Qe1 d4 19. Nh4 Rad8 20. Qg3 Kh7 21. Ra3 f5 22.
cxd4 cxd4 23. Rb3 Qc7 24. Bd2 a5 25. Rc1 Ba6 26. Bd1 Rb8 27. e5 Rfc8 28. Nf3
Rxb3 29. Bxb3 Qb6 30. Bxe6 Rb8 31. Bc4 Bxc4 32. Rxc4 Qxb2 33. Qe1 Rb3 34. Nexd4
Nxd4 35. Rxd4 Ra3 36. Rc4 Ra2 37. Qc1 Ra1 38. Qxa1 Qxa1+ 39. Rc1 Qb2 40. d4 Nd5
41. g3 Bf8 42. Rc8 Bb4 43. Bc1 Qf2 0-1

[Event "ARA Campeonato de Aragon por Equipos Preferente Grupo I (204363)"]
[Site ""]
[Date "2019.03.23"]
[Round "9.34"]
[White "Abancens Fernandez, Bernardo"]
[Black "Fernandez Rubio, Rafael"]
[Result "0-1"]
[WhiteElo "1818"]
[BlackElo "2054"]
[PlyCount "0"]
[WhiteTeam "Teruel B"]
[BlackTeam "Tauste"]
[EventDate "2019.01.26"]


1. d4 d6 2. c4 e5 3. dxe5 dxe5 4. Qc2 Nc6 5. a3 Nd4 6. Qd3 Nf6 7. e4 Nd7 8. Qd1
Nc5 9. Nd2 a5 10. Ngf3 Bg4 11. h3 Bxf3 12. Nxf3 Ndb3 13. Qxd8+ Rxd8 14. Rb1 f6
15. Nd2 Nxc1 16. Rxc1 g6 17. f3 Bh6 18. Rc2 Ke7 19. b4 Nd3+ 20. Bxd3 Rxd3 21.
Nb1 axb4 22. axb4 Rb3 23. Nc3 c6 24. b5 Ra8 25. Ke2 Raa3 26. Kd3 Be3 27. Kxe3
Rxc3+ 28. Rxc3 Rxc3+ 29. Kd2 Rxc4 30. bxc6 Rxc6 31. Rb1 b6 32. Rb5 Kd7 33. Ke3
Rd6 34. f4 exf4+ 35. Kxf4 Kc6 36. Rb2 b5 37. g4 Rd3 38. h4 Rh3 0-1

[Event "ARA Campeonato de Aragon por Equipos Preferente Grupo I (204363)"]
[Site ""]
[Date "2019.03.23"]
[Round "9.35"]
[White "Turon Perez, David"]
[Black "Barcena Laguia, Francisco"]
[Result "0-1"]
[WhiteElo "1898"]
[BlackElo "1804"]
[PlyCount "0"]
[WhiteTeam "Tauste"]
[BlackTeam "Teruel B"]
[EventDate "2019.01.26"]

1. d4 Nf6 2. Nf3 c5 3. e3 cxd4 4. exd4 d5 5. Bd3 Bg4 6. O-O e6 7. Re1 Be7 8.
Nbd2 O-O 9. c3 Nbd7 10. h3 Bh5 11. Nf1 Qc7 12. Ng3 Bg6 13. Bxg6 hxg6 14. Qe2
Rac8 15. Bd2 Rfe8 16. b3 a6 17. Rac1 b5 18. Qe3 Ba3 19. Rc2 Bb4 20. Rcc1 Ba5
21. b4 Bb6 22. Ne5 Nxe5 23. Qxe5 Nd7 24. Qxc7 Bxc7 25. f4 Nb6 26. Nf1 Nc4 27.
g3 f5 28. Kf2 Nd6 29. Re3 Ne4+ 30. Kf3 Bb6 31. Rd3 a5 32. Rb1 a4 33. Rc1 Rc4
34. Ne3 Rc6 35. Be1 Rec8 36. Nd1 Rc4 37. Ne3 Rxb4 38. a3 Rxd4 39. cxd4 Rxc1 40.
Bb4 Kf7 41. h4 Bd8 42. Nd1 Be7 43. Bxe7 Kxe7 44. Ne3 Rg1 45. Ng2 Rf1+ 46. Ke2
Rf2+ 0-1

[Event "ARA Campeonato de Aragon por Equipos Preferente Grupo I (204363)"]
[Site ""]
[Date "2019.03.23"]
[Round "9.38"]
[White "Garcia Andres, Daniel"]
[Black "Sanchez Castro, Roberto"]
[Result "1-0"]
[WhiteElo "1992"]
[BlackElo "2037"]
[PlyCount "0"]
[WhiteTeam "St. Casablanca C"]
[BlackTeam "Ibercaja B"]
[EventDate "2019.01.26"]

1. e4 c5 2. Nc3 a6 3. f4 b5 4. d3 e6 5. Nf3 d5 6. exd5 exd5 7. Qe2+ Be7 8. g3
Nf6 9. Bg2 O-O 10. O-O Nc6 11. Ne5 Nd4 12. Qf2 Bb7 13. Be3 Rc8 14. Rac1 Nf5 15.
Nd1 Nxe3 16. Nxe3 Qc7 17. Nf5 g6 18. Nxe7+ Qxe7 19. Rce1 Qc7 20. Re2 d4 21.
Bxb7 Qxb7 22. Rfe1 Rce8 23. Qf1 Kg7 24. Qh3 Qa8 25. g4 Nd5 26. f5 f6 27. fxg6
hxg6 28. Nd7 Rxe2 29. Rxe2 Rh8 30. Qf3 Rd8 31. Re7+ Nxe7 32. Qxf6+ Kh6 33. Qh4+
Kg7 34. Qxe7+ Kh6 35. Qh4+ Kg7 36. Qe7+ Kh6 37. g5+ Kh5 38. Nf6+ Kxg5 39. h4+
Kf5 40. Ne4 Qb8 41. Qf7+ Ke5 42. Qe7+ Kd5 43. Qxc5+ Ke6 44. Ng5+ Kf6 45. Qc6+
Kg7 46. Ne6+ Kh6 47. Nxd8 Qxd8 48. Qe4 $138 1-0

[Event "ARA Campeonato de Aragon por Equipos Preferente Grupo I (204363)"]
[Site ""]
[Date "2019.03.23"]
[Round "9.39"]
[White "Villalba Embid, Marcos"]
[Black "Rodes Apilluelo, Jose Maria"]
[Result "1-0"]
[WhiteElo "2020"]
[BlackElo "1909"]
[PlyCount "0"]
[WhiteTeam "Ibercaja B"]
[BlackTeam "St. Casablanca C"]
[EventDate "2019.01.26"]

1. e4 e5 2. Nf3 Nc6 3. d4 exd4 4. Nxd4 Bc5 5. Be3 Qf6 6. c3 d6 7. Bc4 Nge7 8.
O-O Ne5 9. Be2 Qg6 10. f3 a6 11. Nd2 O-O 12. f4 Ng4 13. Bxg4 Bxg4 14. Qe1 f5
15. Qh4 Qf6 16. Qxf6 Rxf6 17. Rae1 Nc6 18. Nxc6 Bxe3+ 19. Rxe3 bxc6 20. h3 Bh5
21. exf5 Re8 22. Rxe8+ Bxe8 23. g4 h5 24. Re1 Kf8 25. Ne4 Rf7 26. Ng5 Re7 27.
Rxe7 Kxe7 28. Ne6 hxg4 29. hxg4 g6 30. Nxc7 gxf5 31. Nxe8 Kxe8 32. g5 Ke7 33.
b4 Ke6 34. c4 Ke7 35. a4 1-0

[Event "ARA Campeonato de Aragon por Equipos Preferente Grupo I (204363)"]
[Site ""]
[Date "2019.03.23"]
[Round "9.40"]
[White "Alvarez Gonzalo, Miguel Angel"]
[Black "Garcia Monterde, Francisco Jose"]
[Result "0-1"]
[WhiteElo "1817"]
[BlackElo "1872"]
[PlyCount "0"]
[WhiteTeam "St. Casablanca C"]
[BlackTeam "Ibercaja B"]
[EventDate "2019.01.26"]

1. c4 e5 2. Nc3 Nf6 3. g3 d5 4. cxd5 Nxd5 5. Bg2 Nb6 6. d3 Be7 7. Nf3 Nc6 8.
O-O O-O 9. a3 Be6 10. b4 f6 11. Bb2 a6 12. Ne4 Qd7 13. Nc5 Bxc5 14. bxc5 Nd5
15. Nd2 Kh8 16. e4 Nde7 17. Nb3 Rfd8 18. Nc1 Nd4 19. Bxd4 Qxd4 20. Rb1 Rab8 21.
Qc2 b5 22. cxb6 cxb6 23. Qc7 Qd7 24. Qxd7 Rxd7 25. f4 b5 26. f5 Bf7 27. Rf2 Rc8
28. Rfb2 Rc3 29. a4 bxa4 30. Rb8+ Ng8 31. Ra8 Rdc7 32. Ne2 Rxd3 33. Rxa6 a3 34.
Ra1 a2 35. R1xa2 Bxa2 36. Rxa2 Rd8 37. Kf2 Rdc8 38. Bf3 Ne7 39. Ke3 g6 40. g4
Rb8 41. Ra3 Rcb7 42. Nc1 Rb1 43. Nd3 Kg7 44. h4 Nc6 45. Rc3 Nd4 46. Rc7+ Kh6
47. g5+ fxg5 48. hxg5+ Kxg5 49. Nxe5 Nxf5+ 50. exf5 R1b3+ 51. Nd3 Re8+ 52. Kd4
Rd8+ 53. Bd5 Rxd3+ 54. Kxd3 Rxd5+ 55. Ke4 Rxf5 56. Rxh7 Kg4 57. Rg7 g5 58. Rg8
Rf7 59. Ke3 Kh4 60. Ke2 g4 61. Rh8+ Kg3 62. Rh6 Kg2 63. Re6 g3 64. Re8 Kg1 65.
Rg8 g2 66. Rc8 Rh7 0-1

[Event "ARA Campeonato de Aragon por Equipos Preferente Grupo I (204363)"]
[Site ""]
[Date "2019.03.23"]
[Round "9.41"]
[White "Hernandez Delgado, Gabriel"]
[Black "Planas Torrea, Francisco Javier"]
[Result "0-1"]
[WhiteElo "1894"]
[BlackElo "2060"]
[PlyCount "0"]
[WhiteTeam "El Olivar C"]
[BlackTeam "Ejea"]
[EventDate "2019.01.26"]

1. d4 Nf6 2. Bg5 g6 3. Bxf6 exf6 4. c4 Bg7 5. Nc3 d6 6. e3 O-O 7. g3 Re8 8. Bg2
c6 9. Nge2 Bg4 10. b4 Qc8 11. h3 Be6 12. Ne4 Rd8 13. c5 dxc5 14. bxc5 Na6 15.
Qa4 f5 16. Nd6 Nxc5 17. Nxc8 Nxa4 18. Ne7+ Kf8 19. Nxc6 bxc6 20. Bxc6 Bd5 21.
Bxa8 Rxa8 22. O-O Nb6 23. Rfc1 Bf6 24. a4 Bd8 25. a5 Nd7 26. Nc3 Bf3 27. Nb5
Nf6 28. Rc5 Ne4 29. Rc2 h5 30. d5 Ke7 31. Nd4 Ng5 32. h4 Be4 33. Rb2 Nf3+ 34.
Nxf3 Bxf3 35. Rb7+ Kd6 36. Rxf7 Kxd5 37. Rd7+ Ke6 38. Rd2 Rc8 39. a6 Bb6 40.
Rb2 Rc5 41. Rd2 Ra5 42. Rxa5 Bxa5 43. Rd4 Bb6 44. Ra4 Kd6 45. Kf1 Kc5 46. Ra1
Kb5 47. Ra2 Ba5 48. Ra3 Kxa6 49. Rd3 Bb4 50. Rd7 Kb6 51. Rg7 a5 52. Rxg6+ Bc6
53. e4 a4 54. exf5 a3 55. Re6 a2 0-1

[Event "ARA Campeonato de Aragon por Equipos Preferente Grupo I (204363)"]
[Site ""]
[Date "2019.03.23"]
[Round "9.42"]
[White "Planas Torrea, Alberto"]
[Black "Labrador Postigo, Francisco M."]
[Result "1-0"]
[WhiteElo "1915"]
[BlackElo "1876"]
[PlyCount "0"]
[WhiteTeam "Ejea"]
[BlackTeam "El Olivar C"]
[EventDate "2019.01.26"]

1. e4 c5 2. Nf3 d6 3. d4 cxd4 4. Nxd4 Nf6 5. Nc3 a6 6. Be2 e5 7. Nb3 Be7 8. Be3
Be6 9. O-O O-O 10. Bf3 Nbd7 11. g4 Rc8 12. a4 Nb6 13. a5 Nc4 14. Bc1 Qd7 15.
Nd5 Bxd5 16. exd5 e4 17. Be2 Ne5 18. g5 Ne8 19. Nd4 Nc7 20. c4 f5 21. f4 exf3
22. Nxf3 Rce8 23. Nd4 Ng6 24. Bh5 Bd8 25. Ra3 Re4 26. Bf3 Rh4 27. Bg2 f4 28.
Nf3 Rg4 29. Kh1 Rxg2 30. Kxg2 Qg4+ 31. Kh1 Re8 32. Rg1 Qf5 33. Qd3 Qxd3 34.
Rxd3 Re4 35. b3 Na8 36. Bd2 b6 37. axb6 Bxb6 38. Re1 Rxe1+ 39. Bxe1 Bc5 40. b4
Bb6 41. Bc3 Kf7 42. h4 Ne7 43. Nd4 Nc7 44. Rf3 Ng6 45. h5 Ne5 46. Rxf4+ Kg8 47.
Nf5 Nd3 48. Ne7+ 1-0

[Event "ARA Campeonato de Aragon por Equipos Preferente Grupo I (204363)"]
[Site ""]
[Date "2019.03.23"]
[Round "9.43"]
[White "De La Riva Fernandez, Eduardo"]
[Black "Asin Jimenez, Pedro Jose"]
[Result "1-0"]
[WhiteElo "1794"]
[BlackElo "1735"]
[PlyCount "0"]
[WhiteTeam "El Olivar C"]
[BlackTeam "Ejea"]
[EventDate "2019.01.26"]


1. e4 d5 2. exd5 Qxd5 3. Nc3 Qa5 4. d4 Nf6 5. Bd2 c6 6. Nf3 Qc7 7. Bd3 Bg4 8.
h3 Bxf3 9. Qxf3 e6 10. Ne4 Nxe4 11. Qxe4 Nd7 12. c4 Nf6 13. Qf3 O-O-O 14. Bc3
c5 15. d5 exd5 16. Bxf6 gxf6 17. O-O d4 18. a3 Bd6 19. b4 Kb8 20. bxc5 Bxc5 21.
Rfb1 Rd6 22. a4 h6 23. a5 a6 24. Be4 b6 25. axb6 Rxb6 26. Qxf6 Re8 27. Qf5 Ka7
28. Rxb6 Bxb6 29. Qb5 Qc8 30. Rxa6+ Qxa6 31. Qd7+ Kb8 32. Qxe8+ Kc7 33. Qxf7+
Kd6 34. Qd5+ Ke7 35. Qb7+ Qxb7 36. Bxb7 Kd6 37. Be4 Kc5 38. Bd3 Kb4 39. Kf1 Kc3
40. Ke2 Bc7 41. c5 Kb4 42. c6 Kc5 43. Be4 Kc4 44. g3 Bd6 45. f4 Bc7 46. f5 Kc5
47. g4 Kd6 48. Kd3 Ke5 49. h4 Bb6 50. g5 hxg5 51. hxg5 Kd6 52. f6 Ke6 53. Bd5+
Kxd5 54. f7 Bc5 55. c7 1-0

[Event "ARA Campeonato de Aragon por Equipos Preferente Grupo I (204363)"]
[Site ""]
[Date "2019.03.23"]
[Round "9.44"]
[White "Galvez Longas, Isaac"]
[Black "Salete Sanchez, Victor"]
[Result "0-1"]
[WhiteElo "1715"]
[BlackElo "1420"]
[PlyCount "0"]
[WhiteTeam "Ejea"]
[BlackTeam "El Olivar C"]
[EventDate "2019.01.26"]

1. d4 Nf6 2. Bf4 e6 3. Nf3 d5 4. e3 c5 5. c3 Bd6 6. Bg3 Nc6 7. Bd3 O-O 8. Ne5
Bxe5 9. dxe5 Nd7 10. O-O Qb6 11. b3 Ndxe5 12. Bxh7+ Kxh7 13. Qh5+ Kg8 14. Bxe5
Nxe5 15. Qxe5 c4 16. Nd2 cxb3 17. Nxb3 f6 18. Qd4 Qd6 19. e4 Rd8 20. Rfd1 Qc7
21. Qc5 Qxc5 22. Nxc5 b6 23. Nb3 Bb7 24. exd5 Bxd5 25. Rd3 Bc4 26. Re3 Rd6 27.
Rae1 Rad8 28. f4 Rd1 29. Kf2 R8d3 30. Rxd3 Rxd3 31. Rc1 a5 32. Rc2 Rd1 33. Kg3
e5 34. fxe5 fxe5 35. Kf3 a4 36. Nd2 Bd3 37. Rb2 a3 38. Rxb6 Rxd2 39. Ke3 Rd1
40. c4 Bxc4 41. Rb8+ Kh7 42. Ra8 Re1+ 43. Kf2 Re2+ 44. Kg3 Rxa2 45. Ra7 Ra1 46.
Kh4 a2 47. g4 Rg1 48. g5 a1=Q 0-1

[Event "ARA Campeonato de Aragon por Equipos Preferente Grupo I (204363)"]
[Site ""]
[Date "2019.03.23"]
[Round "9.45"]
[White "Hinojar Basa, Alfonso"]
[Black "Romon Poves, Raul"]
[Result "1/2-1/2"]
[WhiteElo "2192"]
[BlackElo "2257"]
[PlyCount "0"]
[WhiteTeam "Marcos Frechin A"]
[BlackTeam "Shatranj"]
[EventDate "2019.01.26"]

1. e4 c5 2. Nf3 g6 3. d4 cxd4 4. Nxd4 Bg7 5. c4 Nc6 6. Be3 Nf6 7. Nc3 O-O 8.
Be2 d6 9. O-O Bd7 10. h3 Nxd4 11. Bxd4 Bc6 12. Qc2 Nd7 13. Bxg7 Kxg7 14. b4 b6
15. Qd2 a5 16. Qd4+ Kg8 17. a3 Qc7 18. Rac1 axb4 19. axb4 Rfc8 20. Bg4 Rcb8 21.
Nd5 Bxd5 22. cxd5 Qb7 23. Bxd7 Qxd7 24. Rc6 e5 25. Qe3 b5 26. Rfc1 Ra4 27. Qd2
Rba8 28. Rc7 Qd8 29. Rb7 Rb8 30. Rcc7 Rxb7 31. Rxb7 Qc8 32. Rxb5 Qc4 33. Rb6
Qxe4 34. Rxd6 Qb1+ 35. Kh2 Qxb4 36. Qxb4 Rxb4 37. Ra6 Rd4 38. Ra5 Kg7 39. Kg3
Kf6 40. Kf3 h5 41. Ke3 Kf5 42. g3 Rb4 43. Ra3 Re4+ 44. Kf3 Rd4 45. Ra5 Rd3+ 46.
Ke2 e4 47. h4 f6 48. Rb5 Ke5 49. Rb8 Rxd5 50. f3 exf3+ 51. Kxf3 Rd3+ 52. Kf2
Kf5 53. Rb4 Ke5 54. Rb8 Ke4 55. Rb4+ Rd4 56. Rb2 Kf5 57. Kg2 Kg4 58. Ra2 Re4
59. Rb2 g5 60. hxg5 Kxg5 61. Kf3 Rc4 62. Rb3 Rd4 63. Ra3 h4 64. gxh4+ Rxh4 65.
Kg3 f5 66. Ra5 Rb4 67. Ra3 f4+ 68. Kf3 Rb5 69. Rc3 Re5 70. Ra3 1/2-1/2

[Event "ARA Campeonato de Aragon por Equipos Preferente Grupo I (204363)"]
[Site ""]
[Date "2019.03.23"]
[Round "9.46"]
[White "Franco Ibanez, Carlos"]
[Black "Portero Garnica, Miguel Angel"]
[Result "1-0"]
[WhiteElo "1978"]
[BlackElo "2106"]
[PlyCount "0"]
[WhiteTeam "Shatranj"]
[BlackTeam "Marcos Frechin A"]
[EventDate "2019.01.26"]

1. d4 d5 2. c4 e6 3. Nc3 Nf6 4. Bg5 Be7 5. Nf3 O-O 6. e3 h6 7. Bh4 Ne4 8. Bxe7
Qxe7 9. Rc1 c6 10. Qc2 Nd7 11. Bd3 Nxc3 12. Qxc3 dxc4 13. Bxc4 b6 14. O-O Bb7
15. b4 c5 16. dxc5 bxc5 17. b5 Nb6 18. Be2 Rfc8 19. Rfd1 c4 20. Nd2 Qg5 21. e4
a6 22. bxa6 Bxa6 23. Nf3 Qg4 24. Qe3 c3 25. h3 Qh5 26. Bxa6 Rxa6 27. Rxc3 Rxc3
28. Qxc3 Ra8 29. Qc7 Qa5 30. Ne5 Qa7 31. Rd8+ Kh7 32. Qxf7 Qxf7 33. Nxf7 Rxa2
34. Rd6 Ra1+ 35. Kh2 Nc4 36. Rxe6 Ra2 37. Kg3 Nd2 38. f4 Kg8 39. Nd6 Nf1+ 40.
Kf3 Nh2+ 41. Ke3 Rxg2 42. f5 Rg3+ 43. Kf2 Rxh3 44. Kg2 Rh5 45. Re8+ Kh7 46. Nf7
g5 47. Ne5 g4 48. f6 Rxe5 49. Rxe5 Nf3 50. Re7+ Kg6 51. e5 h5 52. Rg7+ Kh6 53.
e6 Nh4+ 54. Kf1 Nf5 55. e7 1-0

[Event "ARA Campeonato de Aragon por Equipos Preferente Grupo I (204363)"]
[Site ""]
[Date "2019.03.23"]
[Round "9.47"]
[White "Ciriano Lamban, Alejandro"]
[Black "Osorio Marin, Luis Alejandro"]
[Result "1/2-1/2"]
[WhiteElo "2041"]
[BlackElo "1961"]
[PlyCount "0"]
[WhiteTeam "Marcos Frechin A"]
[BlackTeam "Shatranj"]
[EventDate "2019.01.26"]

1. Nf3 g6 2. g3 Bg7 3. Bg2 e5 4. d3 Ne7 5. O-O O-O 6. c4 f5 7. Nc3 Nbc6 8. Bd2
d6 9. Rb1 h6 10. b4 a6 11. a4 Be6 12. b5 axb5 13. axb5 Nd4 14. Ne1 Bc8 15. e3
Ne6 16. Nd5 g5 17. Nc2 Nc5 18. Bb4 Kh8 19. d4 Nd7 20. c5 Nxd5 21. Bxd5 dxc5 22.
dxc5 Nf6 23. Bb3 c6 24. Qxd8 Rxd8 25. Rfd1 Bd7 26. b6 Be8 27. Ra1 Rxa1 28. Rxa1
Kh7 29. Be6 Kg6 30. f3 Bf7 31. Bxf7+ Kxf7 32. Kf2 e4 33. Ra7 Rb8 34. Nd4 Kg6
35. Ne6 Nd5 36. Ba3 Nc3 37. Nxg7 Nb5 38. Ne6 Nxa7 39. bxa7 Ra8 40. fxe4 fxe4
41. Bb2 Rxa7 42. Bd4 Ra2+ 43. Kg1 Kf5 44. Nd8 Kg4 45. Nf7 h5 46. h3+ Kxh3 47.
Nxg5+ Kxg3 48. Nxe4+ Kf3 49. Nd6 h4 50. Nxb7 h3 51. Be5 Kxe3 52. Nd8 Rg2+ 53.
Kf1 Rg5 54. Nxc6 Ke4 55. Bd6 Kd5 56. Nb4+ Ke6 57. Nd3 Kd7 58. Nf2 Rd5 59. Nxh3
1/2-1/2

[Event "ARA Campeonato de Aragon por Equipos Preferente Grupo I (204363)"]
[Site ""]
[Date "2019.03.23"]
[Round "9.48"]
[White "Alvaro Rada, Gonzalo"]
[Black "Torres Ferrandez, Mario"]
[Result "0-1"]
[WhiteElo "1285"]
[BlackElo "1872"]
[PlyCount "0"]
[WhiteTeam "Shatranj"]
[BlackTeam "Marcos Frechin A"]
[EventDate "2019.01.26"]

1. e4 d5 2. exd5 Qxd5 3. Nc3 Qd6 4. Nf3 Nf6 5. d4 a6 6. h3 b5 7. Bd3 Bb7 8. O-O
e6 9. Re1 Nbd7 10. Ne4 Qb6 11. c3 Be7 12. Qc2 O-O 13. Be3 Nd5 14. Bg5 f6 15.
Bh4 h6 16. Bg3 f5 17. Ned2 c5 18. dxc5 Nxc5 19. Bf1 Nf6 20. Be5 Rad8 21. Rad1
Ncd7 22. Bd4 Bc5 23. Nb3 Bxd4 24. Nbxd4 Ne4 25. Re2 Bd5 26. b3 Rc8 27. Rd3 Qb7
28. Qb2 e5 29. Nc2 Nec5 30. Rd1 Bxf3 31. gxf3 Qxf3 32. Ne1 Qc6 33. Bg2 e4 34.
b4 Na4 35. Qb3+ Kh8 36. Red2 Ndb6 37. Rd6 Qxc3 38. Qe6 Qf6 39. f3 Rce8 40. Qxf6
Rxf6 41. fxe4 fxe4 42. Rd8 Rff8 43. Rxe8 Rxe8 44. Rd4 Nc3 45. Kf2 Nc4 46. a3
e3+ 47. Kg3 Ne2+ 0-1

[Event "ARA Campeonato de Aragon por Equipos Preferente Grupo I (204363)"]
[Site ""]
[Date "2019.03.23"]
[Round "9.49"]
[White "Sanchez Herrera, Miguel"]
[Black "Miranda Herrera, Jorge Manuel"]
[Result "1-0"]
[WhiteElo "2088"]
[BlackElo "1950"]
[PlyCount "0"]
[WhiteTeam "Agrupacion B"]
[BlackTeam "Monsalud-Soluzion"]
[EventDate "2019.01.26"]

1. Nf3 Nf6 2. d4 g6 3. e3 Bg7 4. Be2 O-O 5. O-O b6 6. Nbd2 Bb7 7. b3 c5 8. Bb2
d5 9. c4 Nbd7 10. Qc2 Rc8 11. Qd3 Ba6 12. Rac1 e6 13. Qb1 Qe7 14. h3 Rfd8 15.
Rfe1 Bb7 16. Qa1 Nb8 17. dxc5 bxc5 18. Red1 Nc6 19. Ne5 d4 20. Nxc6 Rxc6 21.
exd4 cxd4 22. Bxd4 Rcd6 23. Bc3 Rxd2 24. Rxd2 Rxd2 25. Bxd2 Ne4 26. Qb1 Nxd2
27. Qd3 Qg5 28. g4 Be4 29. Qe3 Qh4 30. Qxd2 Qxh3 31. f3 Be5 32. Bd1 Bxf3 33.
Bxf3 Qxf3 34. Qd1 Qe3+ 35. Kg2 Qg3+ 36. Kf1 Qh3+ 37. Ke1 Bg3+ 38. Kd2 e5 39.
Kc2 Bf4 40. Rb1 Qh2+ 41. Kd3 Qxa2 42. b4 f5 43. gxf5 gxf5 44. Kc3 Qf2 45. Qd5+
Kg7 46. Rd1 Qe3+ 47. Kc2 h5 48. Qd7+ Kg6 49. Qe8+ Kg5 50. Qg8+ Kh4 51. Rh1+ Qh3
52. Rxh3+ Kxh3 53. Qg6 h4 54. c5 Bg3 55. Qxf5+ Kg2 56. Qe4+  1-0

[Event "ARA Campeonato de Aragon por Equipos Preferente Grupo I (204363)"]
[Site ""]
[Date "2019.03.23"]
[Round "9.50"]
[White "Miranda Garcia, Eduardo"]
[Black "Montes Santos, Lorenzo"]
[Result "1/2-1/2"]
[WhiteElo "1788"]
[BlackElo "2052"]
[PlyCount "0"]
[WhiteTeam "Monsalud-Soluzion"]
[BlackTeam "Agrupacion B"]
[EventDate "2019.01.26"]

1. e4 c5 2. g3 g6 3. Bg2 Bg7 4. Ne2 e6 5. O-O Nc6 6. c3 Nge7 7. d3 O-O 8. Be3 b6
9. f4 Bb7 10. Nd2 d5 11. e5 Qd7 12. Bf2 f5 13. Nf3 h6 14. d4 c4 15. b4 a5 16.
b5 Nd8 17. a4 Nf7 18. Be3 Kh7 19. Qd2 Rg8 20. h3 Nc8  1/2-1/2

[Event "ARA Campeonato de Aragon por Equipos Preferente Grupo I (204363)"]
[Site ""]
[Date "2019.03.23"]
[Round "9.51"]
[White "Garcia Morales, Roberto"]
[Black "Miranda Herrera, Miguel"]
[Result "1-0"]
[WhiteElo "2030"]
[BlackElo "1748"]
[PlyCount "0"]
[WhiteTeam "Agrupacion B"]
[BlackTeam "Monsalud-Soluzion"]
[EventDate "2019.01.26"]

1. e4 e5 2. Nf3 Nf6 3. Nc3 Bb4 4. d3 O-O 5. Be2 d5 6. exd5 Nxd5 7. Bd2 Nc6 8.
O-O Nf4 9. h3 Qd6 10. Ne4 Qg6 11. Ng3 Be7 12. Kh1 Bxh3 13. gxh3 Qh6 14. Ng1 Bg5
15. Bxf4 Bxf4 16. Bf3 Nd4 17. c3 Ne6 18. Be4 Ng5 19. Qh5 Qe6 20. Qg4 Qh6 21.
Rab1 g6 22. N3e2 f5 23. Bd5+ Kg7 24. Qg2 c6 25. Nxf4  1-0

[Event "ARA Campeonato de Aragon por Equipos Preferente Grupo I (204363)"]
[Site ""]
[Date "2019.03.23"]
[Round "9.52"]
[White "Villa Torrano, Alejandro"]
[Black "Carruez Berges, Santiago"]
[Result "1/2-1/2"]
[WhiteElo "1679"]
[BlackElo "2024"]
[PlyCount "0"]
[WhiteTeam "Monsalud-Soluzion"]
[BlackTeam "Agrupacion B"]
[EventDate "2019.01.26"]

1. e4 e6 2. d4 d5 3. Bd3 c5 4. exd5 exd5 5. Nf3 Nc6 6. O-O cxd4 7. Nbd2 Bd6 8.
Nb3 Bg4 9. Be2 Nge7 10. Nbxd4 O-O 11. c3 Re8 12. Re1 a6 13. Be3 Qc7 14. h3 Bh5
15. Qd2 Na5 16. Qc2 Bg6 17. Bd3 Nc4 18. Bxg6 hxg6 19. Rad1 b5 20. a3 Rac8 21.
Bc1 Ne5 22. Nxe5 Bxe5 23. Qd3 Bf6 24. Qf3  1/2-1/2

[Event "ARA Campeonato de Aragon por Equipos Preferente Grupo II (204366)"]
[Site ""]
[Date "2019.03.23"]
[Round "9.54"]
[White "Aribau Rivas, Miguel Angel"]
[Black "Cebollada Pacheco, Jesus Raul"]
[Result "1/2-1/2"]
[WhiteElo "2043"]
[BlackElo "2031"]
[PlyCount "0"]
[WhiteTeam "Fraga"]
[BlackTeam "St. Casablanca B"]
[EventDate "2019.01.26"]

1. e4 e5 2. Bc4 Nc6 3. Nf3 Bc5 4. c3 Nf6 5. d3 a6 6. O-O d6 7. Bb3 Ba7 8. h3 h6
9. Nbd2 O-O 10. Re1 d5 11. exd5 Nxd5 12. Nc4 Re8 13. Ncxe5 Be6 14. Nxc6 bxc6
15. d4 Qf6 16. Bc2 c5 1/2-1/2

[Event "ARA Campeonato de Aragon por Equipos Preferente Grupo II (204366)"]
[Site ""]
[Date "2019.03.23"]
[Round "9.55"]
[White "Ayensa Garcia, Miguel Angel"]
[Black "Casas Chine, German"]
[Result "1/2-1/2"]
[WhiteElo "1849"]
[BlackElo "1785"]
[PlyCount "0"]
[WhiteTeam "St. Casablanca B"]
[BlackTeam "Fraga"]
[EventDate "2019.01.26"]

1. c4 c5 2. Nc3 Nc6 3. Nf3 g6 4. g3 Bg7 5. Bg2 Nh6 6. O-O Nf5 7. d3 O-O 8. e3
d6 9. Qd2 Qa5 10. Nd1 Qd8 11. Nc3 Qa5 12. Nd1 Qd8 13. Rb1 e6 14. b3 Rb8 15. Bb2
a6 16. Bxg7 Kxg7 17. h4 h5 18. Nc3 f6 19. Rfd1 Ne5 20. d4 Nxf3+ 21. Bxf3 cxd4
22. exd4 b6 23. Re1 Re8 24. Re2 Bb7 25. Bxb7 Rxb7 26. Rbe1 Rbe7 27. d5 e5 28.
Kg2 Nd4 29. Ne4 Nxe2 30. Qxe2 Rd7 1/2-1/2